000 00299nam a22001217a 4500
008 180201b xxu||||| |||| 00| 0 eng d
041 _aeng
080 _a579
100 _a11
101 _aMIK
245 _aMedical microbiology an introduction to infectious disease
_cSherris,J.C
942 _2udc
_cBK
999 _c41525
_d41525